| 000 | 01097nam a2200241 u 4500 | ||
|---|---|---|---|
| 001 | 000656804 | ||
| 003 | AM-YeHGA | ||
| 005 | 20250617162904.0 | ||
| 008 | 090508s1959 ||||||||||||||||||||rus|c | ||
| 040 | _aAM-YeHGA | ||
| 041 | 0 | _arus | |
| 245 | 0 | 0 |
_aПлодоводство и ягодоводство : _bУчебное пособие для подготовки и повышения квалификации массовых кадров по плодоводству и ягодоводству / _cВ.А. Колесников,В.П. Соболева, Г.П. Солопов и др.; Под ред. В.А. Колесникова. |
| 250 | _a3-е изд. | ||
| 260 |
_aМосква : _bГосиздат сельскохоз. лит., _c1959. |
||
| 300 |
_a351 с. : _bил. ; _c20 см. |
||
| 650 | 1 | 4 | _aСадоводство |
| 650 | 1 | 4 | _aПлодовые культуры |
| 650 | 1 | 4 | _aЯгодные культуры |
| 700 | 1 |
_aКолесников, В.А _eавт.. ред. _4aut _4edt |
|
| 700 | 1 | _aСоболева, В.П | |
| 700 | 1 | _aСолопов, Г.П | |
| 090 | _c500896 | ||
| 999 |
_c497501 _d497501 |
||